000 00627nam a2200205Ia 4500
005 20140709112952.0
008 131103s9999 xx 000 0 und d
040 _aLoreto College
041 _aEnglish
082 _a373
_bMAC
245 _aInstruction in Indian secondary schools
_b a book on school management and methods of teaching
_cEdited by E.A.Macnee
250 _a2nd. ed.rev. & enl.
260 _a[s.l.]
_bOxford University Press
_c1931 (1958 printing)
300 _aviii,292 p.
504 _aIncludes index
650 _aSecondary Education
700 _aMacnee, E.A.
_4ed.
850 _aLCLIB
942 _cBK
999 _c39360
_d89839